| 000 | 00836cab a22001935a 4500 | ||
|---|---|---|---|
| 001 | L143171 | ||
| 008 | 080414e20080410xxkd f 000 0 eng d | ||
| 035 | _a(Sirsi) u143171 | ||
| 041 | 0 | _aeng | |
| 100 | 1 | _aReisner, Alasdair | |
| 245 | 0 | 0 | _aScotland a model for public sector |
| 260 | _c2008 | ||
| 490 | 0 |
_aConstruction News _v(7063) 10 April 2008, 20-21(2) |
|
| 520 | _aDespite concerns that the Scottish National Party would curb Scottish infrastructure spending, nearly a year on the Scottish construction industry has welcomed the government's detailed Infrastructure Investment Plan. Details major projects in Scotland, broken down by sector (schools, universities and colleges, rail, roads, water, health, housing, and justice). | ||
| 590 | _aKA | ||
| 651 | 4 |
_aScotland _y1999- |
|
| 690 | _aBUILT ENVIRONMENT | ||
| 942 | _n0 | ||
| 999 |
_c80079 _d80079 |
||